000 01413nab a22002177a 4500
999 _c5781
_d5781
003 OSt
005 20260106132558.0
008 190514b xxu||||| |||| 00| 0 spa d
040 _cPJ
100 _96691
_aCalcaterra, Gabriela
245 1 3 _aLas sociedades anónimas de familia en el régimen de comunidad /
_cGabriela Calcaterra.
300 _ap. 73-82
505 _aSumario: I. Las sociedades anónimas de familia.— II. Organización jurídica de la SA familiar.— III. Régimen patrimonial de la comunidad de bienes.— IV. Participación accionaria y comunidad de bienes.— V. Carácter de los dividendos percibidos por acciones propias.— VI. Carácter de las acciones que suscribe el accionista titular de acciones propias durante la vigencia de la comunidad de bienes.— VII. Adquisición de partes indivisas de acciones de la sociedad familiar.— VIII. Carácter del mayor valor que adquiera la participación societaria de carácter propio a lo largo de la vigencia del matrimonio.— IX. Conclusión.
505 _tSi te interesa el texto, comunicate a koha@justierradelfuego.gov.ar
650 0 _9967
_aDERECHO DE FAMILIA
650 0 _aCODIGO CIVIL Y COMERCIAL
_91497
650 0 _aSOCIEDAD ANONIMA
_91625
650 0 _aRÉGIMEN DE COMUNIDAD DE BIENES
_95328
773 0 _02844
_93222
_dBuenos Aires : AbeledoPerrot, 1989-
_tDerecho de familia. N° 115 - Julio 2024
_z18511201
942 _2udc
_cANA